000 00673nam a22002297a 4500
003 URS
005 20250828100457.0
008 250407b ||||| |||| 00| 0 eng d
020 _a971-08-4607-8
040 _cURS
050 _aLB2361
_b.An25 1989
100 1 _aAndres, Tomas Quintin D.
245 _aCurriculum development in the Philippine setting
264 _aMandaluyong City
_bNational Book Store
_c©1989
300 _axviii, 230 pages
_c22 cm
336 _2rdacontent
_atext
337 _2rdamedia
_aunmediated
338 _2rdacarrier
_avolume
650 0 _aEducation
_912168
_xPhilosophy -- Curricula.
700 1 _aFrancisco, Felizardo Y.
942 _cF
_2lcc
999 _c84780
_d84778